[Event "CZE-chT 1819"]
[Site "Czech Republic"]
[Date "2018.12.02"]
[Round "4.4"]
[White "Vyskocil, Neklan"]
[Black "Biolek, Richard"]
[Result "1/2-1/2"]
[WhiteElo "2315"]
[BlackElo "2410"]
[PlyCount "47"]
[EventDate "2018.11.03"]
[EventType "team-tourn"]
[EventRounds "11"]
[EventCountry "CZE"]
[SourceTitle "CBM 187 Extra"]
[Source "ChessBase"]
[SourceDate "2018.11.04"]
[SourceVersion "1"]
[SourceVersionDate "2018.11.04"]
[SourceQuality "1"]
[WhiteTeam "Brno Duras"]
[BlackTeam "Ostrava Labortech"]
[WhiteTeamCountry "CZE"]
[BlackTeamCountry "CZE"]

1. d4 Nf6 2. Nf3 e6 3. g3 b5 4. Bg2 d5 5. 0-0 c5 6. dxc5 Bxc5 7. b3 Nbd7 8. Bb2 Qb6 9. e3 0-0 10. Re1 Bb7 11. Ne5 Nxe5 12. Bxe5 Ne4 13. Nd2 f6 14. Nxe4 fxe5 15. Nxc5 Qxc5 16. Rc1 e4 17. Qd4 Rac8 18. c3 Rc7 19. Bh3 Bc8 20. Red1 Qc6 21. Qe5 Rcf7 22. Rd2 Qc7 23. Qxc7 Rxc7 24. Bf1 1/2-1/2

[Event "CZE-chT2E 1819"]
[Site "Czech Republic"]
[Date "2018.11.18"]
[Round "3.1"]
[White "Zilka, Stepan"]
[Black "Biolek, Richard"]
[Result "1-0"]
[WhiteElo "2530"]
[BlackElo "2410"]
[PlyCount "79"]
[EventDate "2018.10.14"]
[EventType "team-tourn"]
[EventRounds "11"]
[EventCountry "CZE"]
[SourceTitle "EXT 2022"]
[Source "ChessBase"]
[SourceDate "2021.10.06"]
[SourceVersion "1"]
[SourceVersionDate "2021.10.06"]
[SourceQuality "1"]
[WhiteTeam "Velke Losiny"]
[BlackTeam "Grygov"]
[WhiteTeamCountry "CZE"]
[BlackTeamCountry "CZE"]

1. e4 c5 2. Nf3 e6 3. d4 cxd4 4. Nxd4 a6 5. Bd3 Qc7 6. 0-0 d6 7. Nc3 Bd7 8. f4 Nc6 9. Nxc6 bxc6 10. Kh1 Nf6 11. Qe2 Be7 12. Bxa6 0-0 13. Bd3 d5 14. Bd2 d4 15. Nd1 e5 16. f5 h6 17. a4 c5 18. b3 Nh7 19. Nb2 Rfb8 20. Nc4 Bf6 21. a5 Ra7 22. Nb6 Bc6 23. Bc4 Bd8 24. Nd5 Qd6 25. h3 Nf6 26. Nxf6+ Bxf6 27. Kh2 Kf8 28. Rfb1 Bg5 29. Bxg5 hxg5 30. a6 Ke7 31. Ra5 Rh8 32. Qd2 f6 33. Kg1 Rb8 34. Qe2 Qd8 35. Rxc5 Kd6 36. Bb5 Kxc5 37. Qc4+ Kd6 38. Qe6+ Kc5 39. Qxc6+ Kb4 40. Ra1 1-0

[Event "CZE-chT 1718"]
[Site "Czech Republic"]
[Date "2018.04.06"]
[Round "9.6"]
[White "Biolek, Richard"]
[Black "Sosna, Jan"]
[Result "1/2-1/2"]
[WhiteElo "2414"]
[BlackElo "2331"]
[PlyCount "95"]
[EventDate "2017.11.18"]
[EventType "team-tourn"]
[EventRounds "11"]
[EventCountry "CZE"]
[SourceTitle "EXT 2019"]
[Source "ChessBase"]
[SourceDate "2018.10.10"]
[SourceVersion "1"]
[SourceVersionDate "2018.10.10"]
[SourceQuality "1"]
[WhiteTeam "Ostrava Labortech"]
[BlackTeam "Poruba Slavoj"]
[WhiteTeamCountry "CZE"]
[BlackTeamCountry "CZE"]

1. e4 e5 2. Nf3 Nc6 3. Bb5 Nf6 4. 0-0 Nxe4 5. d4 Nd6 6. Bxc6 dxc6 7. dxe5 Nf5 8. Qxd8+ Kxd8 9. Nc3 Ke8 10. h3 Be6 11. b3 Rd8 12. Bb2 Nd4 13. Nxd4 Rxd4 14. Nb5 Rd7 15. Nd4 Bc5 16. Nxe6 fxe6 17. Rad1 Rf8 18. Rxd7 Kxd7 19. Rd1+ Kc8 20. Rd2 b5 21. g3 Bb4 22. Rd3 Bc5 23. Bd4 Bxd4 24. Rxd4 Rf7 25. f4 h6 26. Kf2 g5 27. Kf3 h5 28. g4 hxg4+ 29. hxg4 c5 30. Re4 Kd7 31. Kg3 gxf4+ 32. Rxf4 Rg7 33. Rf8 c4 34. bxc4 bxc4 35. Rf6 c3 36. Rf3 Kc6 37. Rxc3+ Kd5 38. Re3 Kd4 39. Ra3 c5 40. Ra5 Rc7 41. Ra3 Kxe5 42. Re3+ Kd4 43. Kf3 Rf7+ 44. Ke2 Rg7 45. Rd3+ Ke4 46. Re3+ Kd4 47. Rd3+ Ke4 48. Re3+ 1/2-1/2

[Event "CZE-chT 1718"]
[Site "Czech Republic"]
[Date "2018.02.11"]
[Round "8.1"]
[White "Chytilek, Roman"]
[Black "Biolek, Richard"]
[Result "0-1"]
[WhiteElo "2335"]
[BlackElo "2414"]
[PlyCount "76"]
[EventDate "2017.11.18"]
[EventType "team-tourn"]
[EventRounds "11"]
[EventCountry "CZE"]
[SourceTitle "EXT 2019"]
[Source "ChessBase"]
[SourceDate "2018.10.10"]
[SourceVersion "1"]
[SourceVersionDate "2018.10.10"]
[SourceQuality "1"]
[WhiteTeam "Brno Duras"]
[BlackTeam "Ostrava Labortech"]
[WhiteTeamCountry "CZE"]
[BlackTeamCountry "CZE"]

1. d4 d6 2. g3 e5 3. dxe5 dxe5 4. Qxd8+ Kxd8 5. Bg2 c6 6. Nc3 Ne7 7. Ne4 Kc7 8. Bd2 Ng6 9. h4 h5 10. Nh3 Be7 11. 0-0 Na6 12. a3 Nc5 13. Nxc5 Bxc5 14. Ng5 f6 15. Ne4 Be7 16. c4 Bg4 17. Bf3 Rhd8 18. Bxg4 hxg4 19. Be3 Nf8 20. Rfd1 Ne6 21. f3 f5 22. Ng5 Bxg5 23. Bxg5 Nxg5 24. hxg5 gxf3 25. exf3 Rd4 26. Rxd4 exd4 27. Re1 Kd6 28. f4 Kc5 29. b3 d3 30. Kf2 Kd4 31. Re7 Kc3 32. Rxg7 Rd8 33. Rh7 d2 34. Rh1 d1Q 35. Rxd1 Rxd1 36. g4 fxg4 37. f5 Kd4 38. f6 Ke5 0-1

[Event "CZE-chT1E 1718"]
[Site "Czech Republic"]
[Date "2018.01.21"]
[Round "6.2"]
[White "Biolek, Richard"]
[Black "Piesik, Piotr"]
[Result "1/2-1/2"]
[WhiteElo "2414"]
[BlackElo "2357"]
[PlyCount "82"]
[EventDate "2017.10.22"]
[EventType "team-tourn"]
[EventRounds "11"]
[EventCountry "CZE"]
[SourceTitle "EXT 2019"]
[Source "ChessBase"]
[SourceDate "2018.10.10"]
[SourceVersion "1"]
[SourceVersionDate "2018.10.10"]
[SourceQuality "1"]
[WhiteTeam "Grygov"]
[BlackTeam "Frydek Mistek II"]
[WhiteTeamCountry "CZE"]
[BlackTeamCountry "CZE"]

1. g3 d5 2. Bg2 Nf6 3. Nf3 g6 4. 0-0 Bg7 5. c4 c6 6. b3 Ne4 7. d4 Bf5 8. Bb2 0-0 9. e3 a5 10. Nbd2 Nxd2 11. Qxd2 Nd7 12. cxd5 cxd5 13. Rfc1 Qb6 14. Ne5 Nxe5 15. dxe5 Rfd8 16. Qd4 Qxd4 17. Bxd4 e6 18. Rc7 b5 19. Bf1 b4 20. Bb5 Rdc8 21. Rac1 Rxc7 22. Rxc7 g5 23. f4 g4 24. Kf2 Bf8 25. Ke2 Kg7 26. Bc6 Rb8 27. Ba7 Rd8 28. Bb6 Rb8 29. Bxa5 Kg6 30. Bb7 Bc5 31. Bxd5 Rb5 32. Bc6 Rxa5 33. e4 Rxa2+ 34. Kd3 Ra7 35. exf5+ exf5 36. Rxa7 Bxa7 37. Be8 Kg7 38. Ke2 Bd4 39. Bd7 Kg6 40. Kf1 h5 41. Kg2 Bc3 1/2-1/2

[Event "CZE-chT1E 1718"]
[Site "Czech Republic"]
[Date "2018.01.07"]
[Round "5.5"]
[White "Malik, Jan"]
[Black "Biolek, Richard"]
[Result "1/2-1/2"]
[WhiteElo "2255"]
[BlackElo "2414"]
[PlyCount "61"]
[EventDate "2017.10.22"]
[EventType "team-tourn"]
[EventRounds "11"]
[EventCountry "CZE"]
[SourceTitle "EXT 2019"]
[Source "ChessBase"]
[SourceDate "2018.10.10"]
[SourceVersion "1"]
[SourceVersionDate "2018.10.10"]
[SourceQuality "1"]
[WhiteTeam "Ostrava"]
[BlackTeam "Grygov"]
[WhiteTeamCountry "CZE"]
[BlackTeamCountry "CZE"]

1. e4 e5 2. Nf3 Nc6 3. Bc4 Be7 4. d3 Nf6 5. 0-0 0-0 6. Re1 d6 7. c3 Na5 8. Bb5 a6 9. Ba4 b5 10. Bc2 c5 11. Nbd2 Nc6 12. Nf1 h6 13. Ng3 Be6 14. d4 cxd4 15. cxd4 Bg4 16. Nf5 Bxf5 17. exf5 Nxd4 18. Nxd4 exd4 19. Qxd4 Rc8 20. Bb3 d5 21. Be3 Bc5 22. Qd3 Bxe3 23. Rxe3 Re8 24. Rd1 Rxe3 25. Qxe3 Qd6 26. g3 Re8 27. Qf3 Re5 28. Rc1 Re8 29. Rd1 Re5 30. Rc1 Re8 31. Rd1 1/2-1/2

[Event "Olomouc IM-B 20th"]
[Site "Olomouc"]
[Date "2017.08.17"]
[Round "7"]
[White "Mammadova, Narmin Fazahir Qizi"]
[Black "Biolek, Richard"]
[Result "1-0"]
[WhiteElo "2277"]
[BlackElo "2439"]
[PlyCount "171"]
[EventDate "2017.08.12"]
[EventType "tourn"]
[EventRounds "9"]
[EventCountry "CZE"]
[EventCategory "2"]
[SourceTitle "CBM 180 Extra"]
[Source "ChessBase"]
[SourceDate "2017.10.06"]
[SourceVersion "1"]
[SourceVersionDate "2017.10.06"]
[SourceQuality "1"]

1. e4 c5 2. c3 d5 3. exd5 Qxd5 4. Nf3 Nf6 5. d4 Bg4 6. Nbd2 cxd4 7. Bc4 Qa5 8. Qb3 Qb6 9. Bxf7+ Kd8 10. Nxd4 Nc6 11. Ne6+ Kd7 12. 0-0 Qxb3 13. Nxf8+ Rhxf8 14. Bxb3 e5 15. Bc2 Kc7 16. Re1 b5 17. Nb3 h6 18. Nc5 Rae8 19. Bd3 Nd5 20. Bxb5 Kb6 21. Bxc6 Kxc6 22. Ne4 Bf5 23. a3 Nf6 24. Nd2 Bd3 25. Nf3 e4 26. Nd4+ Kd5 27. h3 Rc8 28. Be3 Rf7 29. Rad1 Rb7 30. Bc1 Kc4 31. f3 Re8 32. Nf5 Rd7 33. Nd4 exf3 34. Rxe8 Nxe8 35. Nxf3 Re7 36. Nd4 Bh7 37. Bd2 Nf6 38. b3+ Kd3 39. Be1+ Ke4 40. Bf2 Rb7 41. c4 Bg8 42. Nb5 Rd7 43. Rxd7 Nxd7 44. Nxa7 Ne5 45. a4 Kd3 46. a5 Kc3 47. a6 Kxb3 48. Nc8 Bxc4 49. a7 Bd5 50. Nb6 Bb7 51. a8Q Bxa8 52. Nxa8 Kc4 53. Nc7 g5 54. Bg3 Nd3 55. Kf1 Kd4 56. Ke2 Ke4 57. Ne6 Nb4 58. Bd6 Nc6 59. Bf8 Kf5 60. Bxh6 Kxe6 61. Bxg5 Kf5 62. Be3 Ne5 63. Bd4 Ng6 64. Kf3 Nh4+ 65. Kg3 Ng6 66. Be3 Ke4 67. Bc1 Kf5 68. Bd2 Ne5 69. Kh4 Kg6 70. Bf4 Nd7 71. g4 Nf6 72. Kg3 Nd5 73. Bd2 Nf6 74. Kf3 Nd5 75. h4 Nf6 76. Bc3 Nd5 77. Be5 Kh6 78. Ke4 Ne7 79. Bf4+ Kh7 80. h5 Kg7 81. Bd6 Ng8 82. g5 Kh7 83. Kf5 Kg7 84. Bb4 Kh7 85. Bf8 Kh8 86. Kg6 1-0